Statistics for The Legend of Zelda: Ocarina of Time Video Game Bosses

Click here to take the quiz!

General Stats

  • This quiz has been taken 2,471 times
  • The average score is 7 of 10

Answer Stats

Boss's LocationBoss's Name% Correct
Hyrule Castle (Final Boss)Ganon
96%
Hyrule CastleGanondorf
86%
Dodongo's CavernKing Dodongo
79%
Shadow TempleBongo Bongo
77%
Deku TreeGohma
76%
Forest TemplePhantom Ganon
76%
Spirit TempleTwinrova
67%
Fire TempleVolvagia
63%
Water TempleMorpha
50%
Jabu-Jabu's BellyBarinade
48%

Score Distribution

Percentile by Number Answered

Percent of People with Each Score

Your Score History

You have not taken this quiz